| 000 | 00537nam a2200157Ia 4500 | ||
|---|---|---|---|
| 003 | IN-BaIIA | ||
| 008 | 211028s9999 xx 000 0 eng d | ||
| 040 | _cIIA Library | ||
| 100 |
_aSeares, Kapteyn, J. C. _915269 |
||
| 245 | 0 |
_aMount wilson catalogue of photographic magnititudes in selected areas _cKapteyn, J. C Seares and P. J. Van Rhijn |
|
| 260 |
_aWashington _bCarnegie Institution of Washington _c1930 |
||
| 650 |
_aMagnititudes _915270 |
||
| 650 | _aphotography | ||
| 700 |
_aVan Rhijn, P. J. _915271 |
||
| 942 | _cBK | ||
| 999 |
_c9096 _d9096 |
||